|
|
|
|
| LEADER |
01362nam a2200277 a 4500 |
| 001 |
3734954 |
| 003 |
BD-DhAAL |
| 008 |
090531s1981 enka b 101 0 eng d |
| 999 |
|
|
|c 1134
|d 1134
|
| 010 |
|
|
|a 81067910
|
| 020 |
|
|
|a 012361550X
|
| 040 |
|
|
|a DLC
|c DLC
|d DLC
|d BD-DhAAL
|
| 082 |
0 |
0 |
|a 306.9
|2 19
|
| 111 |
2 |
|
|a Research Seminar in Archaeology and Related Subjects
|d (1980 :
|c London University)
|9 31055
|
| 245 |
1 |
0 |
|a Mortality and immortality :
|b the anthropology and archaeology of death : proceedings of a meeting of the Research Seminar in Archaeology and Related Subjects held at the Institute of Archaeology, London University, in June 1980 /
|c edited by S.C. Humphreys and Helen King.
|
| 260 |
|
|
|a London ;
|a New York :
|b Academic Press,
|c 1981.
|
| 300 |
|
|
|a x, 346 p. :
|b ill. ;
|c 24 cm.
|
| 504 |
|
|
|a Includes bibliographies and indexes.
|
| 541 |
1 |
|
|e 00004316
|
| 650 |
|
0 |
|a Death
|x Social aspects
|x Congresses.
|9 31056
|
| 650 |
|
0 |
|a Funeral rites and ceremonies
|x Congresses.
|9 31057
|
| 700 |
1 |
|
|a Humphreys, S. C.
|q (Sarah C.)
|9 31058
|
| 700 |
1 |
|
|a King, Helen,
|d 1957-
|9 31059
|
| 852 |
4 |
|
|a Ayesha Abed Library
|j General Shelf.
|
| 942 |
|
|
|2 ddc
|c BK
|
| 952 |
|
|
|0 0
|1 0
|2 ddc
|4 0
|6 306_900000000000000_MOR_1981
|7 0
|9 1024
|a BRACUL
|b BRACUL
|c GEN
|d 2009-06-24
|g 0.00
|l 3
|m 5
|o 306.9 MOR
|p 3010004316
|r 2012-03-07
|s 2012-02-15
|t 1
|w 2009-06-24
|y BK
|x No price found in the accession register.
|